|
|
|
|
| LEADER |
00000nab#a22000007a#4500 |
| 001 |
arbauad037380 |
| 003 |
AR-BaUAD |
| 005 |
20250711112935.0 |
| 008 |
990622|||||||||###||||||b###|0###a|spa|| |
| 040 |
|
|
|a AR-BaUAD
|c AR-BaUAD
|b spa
|
| 245 |
1 |
0 |
|a Críticas
|
| 653 |
|
|
|a CINE
|
| 653 |
|
|
|a CRITICAS
|
| 653 |
|
|
|a LARGOMETRAJES
|
| 653 |
|
|
|a DIRECTORES DE CINE
|
| 653 |
|
|
|a ESTADOS UNIDOS
|
| 653 |
|
|
|a ALTMAN, ROBERT
|
| 653 |
|
|
|a WINKLER, IRWIN
|
| 653 |
|
|
|a ESPAÑA
|
| 653 |
|
|
|a URIBE, IMANOL
|
| 653 |
|
|
|a DRAZAN, ANTHONY
|
| 653 |
|
|
|a ITALIA
|
| 653 |
|
|
|a BERTOLUCCI, BERNARDO
|
| 653 |
|
|
|a ANDERSON, BRAD
|
| 653 |
|
|
|a REINO UNIDO
|
| 653 |
|
|
|a RITCHIE, GUY
|
| 653 |
|
|
|a WENK, RICHARD
|
| 653 |
|
|
|a HERMAN, MARK
|
| 653 |
|
|
|a CHEREAU, PATRICE
|
| 653 |
|
|
|a RAIMI, SAM
|
| 773 |
0 |
|
|t DIRIGIDO
|g no. 279 [mayo 1999], p. 8-19
|
| 942 |
|
|
|c ARTI
|
| 952 |
|
|
|0 0
|1 0
|4 0
|7 0
|9 82299
|a AR-BAuAD
|b AR-BAuAD
|d 2025-07-11
|l 0
|p AAQA037380
|r 2025-07-11 11:29:35
|w 2025-07-11
|y ARTI
|
| 990 |
|
|
|a C199
|b TD
|
| 998 |
|
|
|a AAQ
|b BIBUN76
|
| 999 |
|
|
|c 61972
|d 61972
|